Gertrude Stein's America /

Bibliographic Details
Main Author: Stein, Gertrude, 1874-1946
Other Authors: Harrison, Gilbert A.
Format: Book
Language:English
Published: Washington : R. B. Luce, [1965]
Subjects:

MARC

Tag First Indicator Second Indicator Subfields
LEADER 00000cam a2200000 4500
001 in00000024483
005 20151007062358.0
008 741001s1965 dcu b 00010 eng u
010 |a  65021871  
035 |a (OCoLC)01026307 
035 |9 AAD4720AM 
040 |c RWB  |d TXA  |d UtOrBLW 
049 |a TXAM  |c [467534] 
050 0 |a PS3537.T323  |b A6 1965 
082 0 |a 818.5208 
092 |a 818  |b S819am 
100 1 |a Stein, Gertrude,  |d 1874-1946. 
245 1 0 |a Gertrude Stein's America /  |c Edited by Gilbert A. Harrison. 
264 1 |a Washington :  |b R. B. Luce,  |c [1965] 
300 |a 103 pages ;  |c 24 cm. 
336 |a text  |b txt  |2 rdacontent 
337 |a unmediated  |b n  |2 rdamedia 
338 |a volume  |b nc  |2 rdacarrier 
500 |a Excerpts from the author's essay, novels, plays, poems, lectures and interviews. 
504 |a Bibliographical references included in "Notes on sources" (pages 101-103). 
650 0 |a United States in literature. 
700 1 |a Harrison, Gilbert A. 
999 |a MARS 
999 f f |s 8c498afa-47f5-3f55-9677-6d06ed496c5a  |i 70694959-9653-3cba-bfae-6211f29ed7fb  |t 0 
952 f f |p ric  |a Texas A&M University  |b Rellis Campus  |c Joint Library Facility  |d Remote Storage  |t 0  |e PS3537.T323 A6 1965  |h Library of Congress classification  |i unmediated -- volume  |m A14801265472 
998 f f |a PS3537.T323 A6 1965  |t 0  |l Remote Storage